000 00673cam a22002291 4500
001 ne 64001548
003 DLC
005 20260227111801.0
008 900509s1963 ua 000 0 ara c
010 _ane 64001548
025 _aPL480:UAR-4149
035 _a(OCoLC)21500807
040 _aPrinceton Univ. Libr.
_cWaU
_dWaU
_dDLC
042 _apremarc
050 0 0 _aBP165
_b.K5
100 1 _aKhafājī, Muḥammad ʻAbd al-Munʻim.
245 1 3 _aal-Islām dīn al-insānīyah
_c[taʼlīf] Muḥammad ʻAbd al-Munʻim Khafājī.
250 _aal-Ṭabʻah 1.
260 _aal-Qāhirah,
_bMaktabat al-Qāhirah
_c[1963?]
300 _a192 p.
_c20 cm.
650 0 _aIslam.
999 _c47145
_d47145